| 000 | 00864nam a2200265 a 4500 | ||
|---|---|---|---|
| 001 | BRL_1786 | ||
| 005 | 20190320211352.0 | ||
| 008 | 300715s1954----u--a######---#000-0#eng-# | ||
| 041 | _aspa | ||
| 044 | _au | ||
| 050 | 4 |
_aGN2 _b.S65 1954 |
|
| 100 | 1 |
_aSpicer, Edward Holland _d1906-1983 _927873 |
|
| 245 | 1 | 0 |
_aPotam, a Yaqui village in Sonora _cby Edward H. Spicer. |
| 260 |
_a[Menasha, Wis., _bAmerican Anthropological Association _c1954] |
||
| 300 |
_avi, 220 p. _bil. _c23 cm. |
||
| 440 | 0 |
_aAmerican Anthropological Association. Memoir _vno. 77 _927874 |
|
| 440 | 0 |
_aAmerican Anthropological Association _vv. 56, no. 4, pt. 2, Aug. 1954 _927875 |
|
| 500 | _aAu2025 | ||
| 504 | _aBibliografía: p. 217-220. | ||
| 650 | 1 | 4 |
_aYaquis _927876 |
| 651 | 4 |
_aPotam (Mexico) _927877 |
|
| 710 | 2 |
_aAmerican Anthropologist _927878 |
|
| 902 | _aGRL | ||
| 942 |
_2lcc _cB |
||
| 999 |
_c10594 _d10594 |
||